000
00189 a2200097 4500
001
4966
100
_a
Slater,JC
245
_a
Mechanics
260
_a
_b
McGraw Hill
_c
090
_c
4145
_d
4145
942
_a
NUST-CAE
_c
M
_c
30429
999
_c
240039
_d
240039